00835nam a2200193 i 450000100060000000300090000600500170001500700030003200800410003510000440007624502480012025000120036826000440038030000220042465000260044685200310047299900170050395201210052077490ES-MaACL20230906173234.0t|041019s1979 sp ||||1| spa d1 aAngulo Usategui, José María.92179310aElectrónica fundamental [h6. Teoría: circuitos integrados; digitales y analógicos; hacia el microprocesador. Práctica: montaje y experimentación con circuitos integrados lógicos y operacionales] / cJosé María Angulo Usategui. a3ª ed. aMadrid : bParaninfo, c1979 (fBenzal) a350 p. ; c22 cm. 4aElectrónica.912165 aES-MaACLjA-9583 bR.98762 c77490d77490 00104070aATENEOMbATENEOMcDEPO1d2008-01-17eSCl0oA-9583p1081073r2023-02-23 00:00:00w2023-02-23yMONOGRAFIA